000 00580nam a22002297a 4500
003 UA-OsUOA
001 96153
007 ta
008 20130318b un ||||| |||| 00| 0 ukr d
100 _aКазанцев А.
090 _a821.161.1
_bК14
942 _cBK
040 _aUA-OsUOA
_brus
_cUA-OsUOA
_dUA-OsUOA
245 _aПылающий остров
_bроман
300 _a524 с.
955 _a3
041 _arus
080 _a821.161.1
260 _aМ.
_c1956
650 7 _a82 Література. Літературознавство
_2UDC
999 _c382400
_d382400